000 01543nam0a2200349 4500
001 RU\NLR\bibl\1478670
005 20260408075207.0
010 _a978-5-93312-800-7
_93000
021 _aRU
_b2009-107702
_96873
035 _a(NLR Aleph) 001470332
090 _a1639544
_c1639544
100 _a20100301d2009 |||y0rusy50 ca
101 0 _arus
102 _aRU
105 _aa |||||||||
200 1 _aРодительские собрания в ДОУ
_eстаршая и подготовительная группы
_fИзд.-торговый дом "Корифей"
_gавт.-сост. Т.В. Иванова
210 _aВолгоград
_cКорифей
_d2009
215 _a96 с.
_cил.
_d20
225 1 _aДетский сад
320 _aБиблиогр.: с. 85-91 (111 назв.)
606 1 _aРодительские собрания
_jРуководства, пособия и т.п.
_xДошкольные учреждения
_92526854
_3RU\NLR\auth\661496960
686 _aЧ411.51я7
686 _aЧ411.334я7
686 _aЧ411.335я7
702 1 _4220
_8rus
_7ca
_aИванова
_bТ. В.
_cпедагог-методист, дошкольное образование
_gТатьяна Владимировна
_3RU\NLR\auth\77984
_9111019
712 0 2 _4570
_a"Корифей", издательско-торговый дом
_cВолгоград
_3RU\NLR\AUTH\8810071060
_9644016
801 0 _aRU
_bNLR
_c20100301
_gRCR
801 1 _aRU
_bNLR
_c20100301
942 _cBOOK
980 _aNB
980 _aNBR